Používanie vlajky Európskej únie

Odporúčanie Ministerstva vnútra SR pre úrady štátnej správy a samosprávy. Úvodné ustanovenie. Podoba vlajky Európskej únie. Používanie vlajky Európskej únie v prítomnosti štátnych vlajok. Používanie vlajky Európskej únie v prítomnosti štátnej vlajky Slovenskej republiky a v prítomnosti vlajky územne...

Description complète

Enregistré dans:
Détails bibliographiques
Format: Chapitre de livre
Langue:slovaque
Sujets:
Tags: Ajouter un tag
Pas de tags, Soyez le premier à ajouter un tag!

MARC

LEADER 00000naa$a2200000$$$4500
001 0008111
005 20231016083411.3
041 0 |a slo 
044 |a SK 
245 1 0 |a Používanie vlajky Európskej únie 
520 |a Odporúčanie Ministerstva vnútra SR pre úrady štátnej správy a samosprávy. Úvodné ustanovenie. Podoba vlajky Európskej únie. Používanie vlajky Európskej únie v prítomnosti štátnych vlajok. Používanie vlajky Európskej únie v prítomnosti štátnej vlajky Slovenskej republiky a v prítomnosti vlajky územnej samosprávy. Používanie vlajky Európskej únie v prítomnosti štandardy prezidenta Slovenskej republiky, štandardy predsedu samosprávneho kraja a štandardy starostu obce (primátora mesta). 
610 2 0 |a Európska únia 
610 2 0 |a identita 
610 2 0 |a symboly 
610 2 0 |a štát 
610 2 0 |a samospráva 
610 2 0 |a správa štátna